000 01239aam a2200325 i 4500
999 _c69171
_d69171
001 69171
003 Mx-PuUPA
005 20220302075618.0
008 201117s2020 mx ||||gr|||| 00| f spa d
020 _a9786070766138
040 _aMx-PuUPA
_bspa
_cMx-PuUPA
_dMx-PuUPA
_erda
041 0 _aspa
100 1 _910946
_aPosteguillo, Santiago,
_d1967-
_eautor
245 1 0 _aY Julia retó a los dioses :
_bcuando el enemigo es tu propio hijo... , ¿existe la victoria? /
_cSantiago Posteguillo
246 1 8 _aJulia Domna II :
_bY Julia retó a los dioses
250 _aPrimera edición
264 4 _aCiudad de México :
_bPlaneta,
_c2020
300 _a786 páginas ;
_c23 cm
336 _2rdacontent
_atexto
_btxt
337 _2rdamedia
_asin medio
_bn
338 _2rdacarrier
_avolumen
_bnc
490 0 _aAutores Españoles Iberoamericanos
600 1 4 _aJulia Domna,
_cEmperatriz, consorte de Severo, Lucius Septimius, Emperador de Roma,
_d-217 -
_vNovela
650 4 _aEmperatrices
_zRoma
_vNovela
651 4 _aRoma
_xHistoria
_xSeverans,
_y193-235
_vNovela
942 _2ddc
_cLI
_h863.72
_iA645